Setu katha (Record no. 41447)

000 -LEADER
fixed length control field 00336nam a22001451a 4500
082 ## - DEWEY DECIMAL CLASSIFICATION NUMBER
Classification number H3
Item number RAM/S
100 ## - MAIN ENTRY--AUTHOR NAME
Personal name Ramkumar Bhramar
245 ## - TITLE STATEMENT
Title Setu katha
Statement of responsibility, etc by Ramkumar Bhramar
260 ## - PUBLICATION, DISTRIBUTION, ETC. (IMPRINT)
Place of publication New Delhi:
Name of publisher National,
Year of publication 1973.
300 ## - PHYSICAL DESCRIPTION
Number of Pages 554p.
650 ## - SUBJECT ADDED ENTRY--TOPICAL TERM
Topical Term Novel Hindi
650 ## - SUBJECT ADDED ENTRY--TOPICAL TERM
Topical Term Literature Hindi
650 ## - SUBJECT ADDED ENTRY--TOPICAL TERM
Topical Term Literature
942 ## - ADDED ENTRY ELEMENTS (KOHA)
Koha item type Book
Holdings
Withdrawn status Lost status Damaged status Not for loan Permanent Location Current Location Date acquired Cost, normal purchase price Full call number Accession Number Cost, replacement price Price effective from Koha item type
        Sree Sankaracharya University of Sanskrit Sree Sankaracharya University of Sanskrit 08.01.2015 50.00 H3 RAM/S 038684 0.00 08.01.2015 Book